<?xml version="1.0" encoding="UTF-8"?>
<record
    xmlns:xsi="http://www.w3.org/2001/XMLSchema-instance"
    xsi:schemaLocation="http://www.loc.gov/MARC21/slim http://www.loc.gov/standards/marcxml/schema/MARC21slim.xsd"
    xmlns="http://www.loc.gov/MARC21/slim">

  <leader>01774nam a22002777a 4500</leader>
  <controlfield tag="003">NALT</controlfield>
  <controlfield tag="005">20250514131716.0</controlfield>
  <controlfield tag="008">220114b        th ||||| |||| 00| 0 tha d</controlfield>
  <datafield tag="020" ind1=" " ind2=" ">
    <subfield code="a">9749335538</subfield>
  </datafield>
  <datafield tag="040" ind1=" " ind2=" ">
    <subfield code="a">NALT</subfield>
  </datafield>
  <datafield tag="050" ind1=" " ind2=" ">
    <subfield code="a">BF 575.S39</subfield>
    <subfield code="b">&#xE08;695&#xE04; 2548</subfield>
  </datafield>
  <datafield tag="100" ind1="0" ind2=" ">
    <subfield code="9">40550</subfield>
    <subfield code="a">&#xE40;&#xE08;&#xE15;&#xE19;&#xE4C; &#xE40;&#xE08;&#xE23;&#xE34;&#xE0D;&#xE42;&#xE17;</subfield>
  </datafield>
  <datafield tag="245" ind1="1" ind2="0">
    <subfield code="a">&#xE04;&#xE38;&#xE13;&#xE04;&#xE37;&#xE2D;&#xE0B;&#xE39;&#xE40;&#xE1B;&#xE2D;&#xE23;&#xE4C;&#xE41;&#xE21;&#xE19; /</subfield>
    <subfield code="c">&#xE40;&#xE08;&#xE15;&#xE19;&#xE4C; &#xE40;&#xE08;&#xE23;&#xE34;&#xE0D;&#xE42;&#xE17;.</subfield>
  </datafield>
  <datafield tag="250" ind1=" " ind2=" ">
    <subfield code="a">&#xE1E;&#xE34;&#xE21;&#xE1E;&#xE4C;&#xE04;&#xE23;&#xE31;&#xE49;&#xE07;&#xE41;&#xE23;&#xE01;.</subfield>
  </datafield>
  <datafield tag="260" ind1=" " ind2=" ">
    <subfield code="a">&#xE01;&#xE23;&#xE38;&#xE07;&#xE40;&#xE17;&#xE1E;&#xE2F; :</subfield>
    <subfield code="b">&#xE41;&#xE21;&#xE48;&#xE42;&#xE1E;&#xE2A;&#xE1E;,</subfield>
    <subfield code="c">2548.</subfield>
  </datafield>
  <datafield tag="300" ind1=" " ind2=" ">
    <subfield code="a">146 &#xE2B;&#xE19;&#xE49;&#xE32; ;</subfield>
    <subfield code="c">18 &#xE0B;&#xE21;.</subfield>
  </datafield>
  <datafield tag="505" ind1="0" ind2=" ">
    <subfield code="a">1. &#xE1C;&#xE39;&#xE49;&#xE17;&#xE35;&#xE48;&#xE02;&#xE32;&#xE14;&#xE04;&#xE27;&#xE32;&#xE21;&#xE40;&#xE0A;&#xE37;&#xE48;&#xE2D;&#xE21;&#xE31;&#xE48;&#xE19;&#xE15;&#xE19;&#xE40;&#xE2D;&#xE07; &#xE44;&#xE21;&#xE48;&#xE2D;&#xE32;&#xE08;&#xE44;&#xE14;&#xE49;&#xE23;&#xE31;&#xE1A;&#xE04;&#xE27;&#xE32;&#xE21;&#xE2A;&#xE33;&#xE40;&#xE23;&#xE47;&#xE08;&#xE43;&#xE19;&#xE0A;&#xE35;&#xE27;&#xE34;&#xE15; -- 2. &#xE04;&#xE19;&#xE2A;&#xE48;&#xE27;&#xE19;&#xE43;&#xE2B;&#xE0D;&#xE48;&#xE44;&#xE21;&#xE48;&#xE21;&#xE35;&#xE04;&#xE27;&#xE32;&#xE21;&#xE2A;&#xE38;&#xE02; &#xE40;&#xE1E;&#xE23;&#xE32;&#xE30;&#xE02;&#xE32;&#xE14;&#xE04;&#xE27;&#xE32;&#xE21;&#xE40;&#xE0A;&#xE37;&#xE48;&#xE2D;&#xE21;&#xE31;&#xE48;&#xE19;&#xE15;&#xE19;&#xE40;&#xE2D;&#xE07; -- 3. &#xE08;&#xE07;&#xE40;&#xE1B;&#xE25;&#xE35;&#xE48;&#xE22;&#xE19;&#xE01;&#xE32;&#xE23;&#xE2A;&#xE30;&#xE01;&#xE14;&#xE08;&#xE34;&#xE15;&#xE15;&#xE31;&#xE27;&#xE40;&#xE2D;&#xE07;&#xE43;&#xE2B;&#xE21;&#xE48; -- 4. &#xE1E;&#xE31;&#xE19;&#xE18;&#xE19;&#xE32;&#xE01;&#xE32;&#xE23;&#xE2B;&#xE23;&#xE37;&#xE2D;&#xE40;&#xE2A;&#xE23;&#xE35;&#xE20;&#xE32;&#xE1E; -- 5. &#xE28;&#xE34;&#xE25;&#xE1B;&#xE30;&#xE41;&#xE2B;&#xE48;&#xE07;&#xE01;&#xE32;&#xE23;&#xE22;&#xE2D;&#xE21;&#xE23;&#xE31;&#xE1A;&#xE15;&#xE31;&#xE27;&#xE40;&#xE2D;&#xE07; -- 6. &#xE1B;&#xE31;&#xE0D;&#xE2B;&#xE32;&#xE02;&#xE2D;&#xE07;&#xE08;&#xE34;&#xE15;&#xE2A;&#xE33;&#xE19;&#xE36;&#xE01; -- 7. &#xE09;&#xE31;&#xE19;&#xE44;&#xE21;&#xE48;&#xE1C;&#xE34;&#xE14; &#xE04;&#xE38;&#xE13;&#xE01;&#xE47;&#xE44;&#xE21;&#xE48;&#xE1C;&#xE34;&#xE14; -- 8. &#xE1E;&#xE25;&#xE31;&#xE07;&#xE41;&#xE2B;&#xE48;&#xE07;&#xE04;&#xE27;&#xE32;&#xE21;&#xE23;&#xE31;&#xE01;. </subfield>
  </datafield>
  <datafield tag="650" ind1=" " ind2="4">
    <subfield code="9">5749</subfield>
    <subfield code="a">&#xE04;&#xE27;&#xE32;&#xE21;&#xE40;&#xE0A;&#xE37;&#xE48;&#xE2D;&#xE21;&#xE31;&#xE48;&#xE19;&#xE43;&#xE19;&#xE15;&#xE19;&#xE40;&#xE2D;&#xE07;</subfield>
  </datafield>
  <datafield tag="650" ind1=" " ind2="4">
    <subfield code="9">7434</subfield>
    <subfield code="a">&#xE04;&#xE27;&#xE32;&#xE21;&#xE2A;&#xE38;&#xE02;</subfield>
  </datafield>
  <datafield tag="650" ind1=" " ind2="4">
    <subfield code="9">5759</subfield>
    <subfield code="a">&#xE04;&#xE27;&#xE32;&#xE21;&#xE2A;&#xE33;&#xE40;&#xE23;&#xE47;&#xE08;</subfield>
  </datafield>
  <datafield tag="650" ind1=" " ind2="4">
    <subfield code="9">42091</subfield>
    <subfield code="a">&#xE08;&#xE34;&#xE15;&#xE27;&#xE34;&#xE17;&#xE22;&#xE32;&#xE1B;&#xE23;&#xE30;&#xE22;&#xE38;&#xE01;&#xE15;&#xE4C;</subfield>
  </datafield>
  <datafield tag="850" ind1=" " ind2=" ">
    <subfield code="a">NALT</subfield>
  </datafield>
  <datafield tag="942" ind1=" " ind2=" ">
    <subfield code="2">lcc</subfield>
    <subfield code="c">GB</subfield>
  </datafield>
  <datafield tag="996" ind1=" " ind2=" ">
    <subfield code="a">phornvitoo</subfield>
    <subfield code="b">CATSTF	</subfield>
    <subfield code="c">2024-01-23</subfield>
  </datafield>
  <datafield tag="999" ind1=" " ind2=" ">
    <subfield code="c">98854</subfield>
    <subfield code="d">98854</subfield>
  </datafield>
  <datafield tag="998" ind1=" " ind2=" ">
    <subfield code="j">8</subfield>
    <subfield code="k"> &#xE19;&#xE32;&#xE22;&#xE1A;&#xE31;&#xE13;&#xE11;&#xE34;&#xE15;  &#xE2D;&#xE38;&#xE17;&#xE32;&#xE27;&#xE07;&#xE04;&#xE4C;</subfield>
  </datafield>
  <datafield tag="952" ind1=" " ind2=" ">
    <subfield code="0">0</subfield>
    <subfield code="1">0</subfield>
    <subfield code="2">lcc</subfield>
    <subfield code="4">0</subfield>
    <subfield code="7">0</subfield>
    <subfield code="8">CSEN</subfield>
    <subfield code="a">NALT</subfield>
    <subfield code="b">NALT</subfield>
    <subfield code="c">GEN</subfield>
    <subfield code="d">2022-01-14</subfield>
    <subfield code="l">1</subfield>
    <subfield code="m">1</subfield>
    <subfield code="o">BF 575.S39 &#xE08;695&#xE04; 2548</subfield>
    <subfield code="p">0100004922001</subfield>
    <subfield code="r">2025-05-27 00:00:00</subfield>
    <subfield code="s">2025-05-14</subfield>
    <subfield code="w">2022-01-14</subfield>
    <subfield code="y">GB</subfield>
  </datafield>
</record>
